| 000 | 00376nam a2200121Ia 4500 | ||
|---|---|---|---|
| 005 | 20251222154425.0 | ||
| 008 | 251222s9999||||xx |||||||||||||| ||spa|| | ||
| 020 | _a978-9972-34-852-5 | ||
| 082 | _a001.420.7/M26 | ||
| 100 | _a"Marroquén peéa, RobertoCampos Dévila, José" | ||
| 245 | 0 | _aPedagogéa de la investigación científica: Tesis de postgrado 1972-2007 | |
| 942 | _cLIB | ||
| 999 |
_c36184 _d36184 |
||